<?xml version="1.0" encoding="UTF-8"?><?xml-stylesheet type="text/xsl" href="static/style.xsl"?><OAI-PMH xmlns="http://www.openarchives.org/OAI/2.0/" xmlns:xsi="http://www.w3.org/2001/XMLSchema-instance" xsi:schemaLocation="http://www.openarchives.org/OAI/2.0/ http://www.openarchives.org/OAI/2.0/OAI-PMH.xsd"><responseDate>2026-06-03T05:38:47Z</responseDate><request verb="GetRecord" identifier="oai:riuma.uma.es:10630/7763" metadataPrefix="marc">https://riuma.uma.es/rest/oai/request</request><GetRecord><record><header><identifier>oai:riuma.uma.es:10630/7763</identifier><datestamp>2026-02-03T11:55:41Z</datestamp><setSpec>com_10630_2254</setSpec><setSpec>col_10630_37959</setSpec></header><metadata><record xmlns="http://www.loc.gov/MARC21/slim" xmlns:dcterms="http://purl.org/dc/terms/" xmlns:doc="http://www.lyncode.com/xoai" xmlns:xsi="http://www.w3.org/2001/XMLSchema-instance" xsi:schemaLocation="http://www.loc.gov/MARC21/slim http://www.loc.gov/standards/marcxml/schema/MARC21slim.xsd">
   <leader>00925njm 22002777a 4500</leader>
   <datafield ind2=" " ind1=" " tag="042">
      <subfield code="a">dc</subfield>
   </datafield>
   <datafield ind2=" " ind1=" " tag="720">
      <subfield code="a">Molinillo-Jiménez, Sebastián</subfield>
      <subfield code="e">author</subfield>
   </datafield>
   <datafield ind2=" " ind1=" " tag="720">
      <subfield code="a">Ekinci, Yuksel</subfield>
      <subfield code="e">author</subfield>
   </datafield>
   <datafield ind2=" " ind1=" " tag="720">
      <subfield code="a">Whyatt, Georgina</subfield>
      <subfield code="e">author</subfield>
   </datafield>
   <datafield ind2=" " ind1=" " tag="720">
      <subfield code="a">Occhiocupo, Nicolettta</subfield>
      <subfield code="e">author</subfield>
   </datafield>
   <datafield ind2=" " ind1=" " tag="260">
      <subfield code="c">2014-07-03</subfield>
   </datafield>
   <datafield ind2=" " ind1=" " tag="520">
      <subfield code="a">The aim of this study is to review the state of empirical and theoretical research about Private Label (PL) and to identify gaps and future research avenues. This paper uses a bibliometric approach of recent advances in the research of PL; it focuses on the period of greatest scientific output (2000-2012) and includes all international publications on PL in marketing journals ranked by the Academic Journal Quality Guide. The analysis systematically considers main authors and universities, countries, topics of investigation and methodologies used. The result reveals that research on the topic has been strongly influenced by a small group of authors and that most studies come from United States, Spain, United Kingdom, Netherlands, France, Australia and Germany. The paper discusses key emerging topics on PL such as consumer perceptions and behaviour, price, channel relationships and quality. Most of the articles have been focused on grocery products using a quantitative approach. Directions for future research are suggested.</subfield>
   </datafield>
   <datafield ind1="8" ind2=" " tag="024">
      <subfield code="a">http://hdl.handle.net/10630/7763</subfield>
   </datafield>
   <datafield tag="653" ind2=" " ind1=" ">
      <subfield code="a">Marcas registradas</subfield>
   </datafield>
   <datafield ind2="0" ind1="0" tag="245">
      <subfield code="a">A trend analysis of private label research between 2000 and 2012</subfield>
   </datafield>
</record>
</metadata></record></GetRecord></OAI-PMH>